| 000 | 00664nam a22001935i 4500 | ||
|---|---|---|---|
| 001 | 169342 | ||
| 003 | ES-MaACL | ||
| 005 | 20230906214050.0 | ||
| 008 | 080901s1994 sp |||| | spa d | ||
| 080 | _a016:271.973 | ||
| 080 | _a013:271.973 | ||
| 100 | 1 |
_aGarcía de la Herrán Muñoz, María del Carmen. _9138425 |
|
| 245 | 1 | 0 |
_aBibliografía clariana del siglo XX en España / _cMª del Carmen García de la Herrán Muñoz. |
| 260 |
_aMadrid : _b[s.n.], _c1994. |
||
| 300 |
_a61 p. ; _c22 cm. |
||
| 595 | _aSeparata de: Verdad y vida, T. LII, números: 205-206. | ||
| 610 | 1 | 4 |
_aClarisas- _xBibliografías. _9138426 |
| 852 |
_aES-MaACL _j2234-F-6 _9R.142489 |
||
| 999 |
_c169342 _d169342 |
||